Southville International School and Colleges
Your cart is empty.
  • Cart
  • Lists
    Public lists list_1 View all
    Your lists Log in to create your own lists
  • Log in to your account
  • Your cookies
  • Search history
Southville International School and Colleges
  • Advanced search
  • Recent comments
  • Most popular
  • Libraries

Log in to your account

Log in with GOOGLE


If you do not have an external account, but do have a local account, you can still log in:

  1. Home
  2. MARC view: A Study on the factors affecting the emotional and social adjustment of selected fourth year students /
Normal view MARC view ISBD view

A Study on the factors affecting the emotional and social adjustment of selected fourth year students / (Record no. 96454)

[ view plain ]
MARC details
000 -LEADER
fixed length control field 00663nam a2200181 a 4500
003 - CONTROL NUMBER IDENTIFIER
control field 0
005 - DATE AND TIME OF LATEST TRANSACTION
control field 20250603144306.0
008 - FIXED-LENGTH DATA ELEMENTS--GENERAL INFORMATION
fixed length control field 030603s19uu xx 00 eng d
050 ## - LIBRARY OF CONGRESS CALL NUMBER
Classification number PHS BF 723.S62
Item number .T75 2001
100 ## - MAIN ENTRY--PERSONAL NAME
Personal name Trillanes, Shirlyn Jayme.
245 ## - TITLE STATEMENT
Title A Study on the factors affecting the emotional and social adjustment of selected fourth year students /
Statement of responsibility, etc Shirlyn Jayme Trillanes.
300 ## - PHYSICAL DESCRIPTION
Extent 56 pages :
Other physical details illustrations ;
Dimensions 28 cm.
504 ## - BIBLIOGRAPHY, ETC. NOTE
Bibliography, etc Includes bibliographical references.
650 ## - SUBJECT ADDED ENTRY--TOPICAL TERM
Topical term or geographic name as entry element Social adjustment
General subdivision Adolescents.
650 ## - SUBJECT ADDED ENTRY--TOPICAL TERM
Topical term or geographic name as entry element Students
General subdivision Psychosocial development.
650 ## - SUBJECT ADDED ENTRY--TOPICAL TERM
Topical term or geographic name as entry element Emotional adjustment
General subdivision Adolescents.
942 ## - ADDED ENTRY ELEMENTS (KOHA)
Source of classification or shelving scheme Library of Congress Classification
Koha item type PASS
Holdings
Withdrawn status Lost status Source of classification or shelving scheme Damaged status Home library Current library Shelving location Date acquired Source of acquisition Total Checkouts Full call number Barcode Date last seen Price effective from Koha item type
    Library of Congress Classification   Luxembourg Library Luxembourg Library Portfolio Assessment of SISC Students Section 06/03/2003 Donation   PHS BF 723.S62 .T75 2001 P0418 04/08/2014 04/08/2014 PASS

A Study on the factors affecting the emotional and social adjustment of selected fourth year students /

APA

Trillanes S. J., .A Study on the factors affecting the emotional and social adjustment of selected fourth year students. : .

Chicago

Trillanes Shirlyn Jayme, .A Study on the factors affecting the emotional and social adjustment of selected fourth year students. : .

Harvard

Trillanes S. J., .A Study on the factors affecting the emotional and social adjustment of selected fourth year students. : .

MLA

Trillanes Shirlyn Jayme, .: . .

  • Print
  • Cite
  • Add to your cart (remove)
  • Save record
    BIBTEX Dublin Core MARCXML MARC (non-Unicode/MARC-8) MARC (Unicode/UTF-8) MARC (Unicode/UTF-8, Standard) MODS (XML) RIS
  • More searches
    Search for this title in:
    Other Libraries (WorldCat) Other Databases (Google Scholar) Online Stores (Bookfinder.com) Open Library (openlibrary.org)

Exporting to Dublin Core...

SOUTHVILLE LIBRARY

Southville International School and Colleges Library

1281 Tropical Ave. Cor. Luxembourg St., BF Homes International, Las Pinas City

Tel. No. 8256374 / 252358 Loc. 117/146

Powered by Koha